| 000 | 00570nam a22002057a 4500 | ||
|---|---|---|---|
| 003 | DO-SdBNP | ||
| 005 | 20240710110759.0 | ||
| 007 | ta | ||
| 008 | 210909b 2017 dr 00| 0 eng d | ||
| 020 | _a9789945168006 | ||
| 040 |
_aDO-SdBNP _bspa _cBNPHU |
||
| 100 | 1 |
_aMade, Ana _979809 |
|
| 245 | 1 |
_aInventé buscar blancas flores / _cAna Made |
|
| 260 |
_aSanto Domingo : _bBúho, _c2017. |
||
| 300 |
_a63 p. ; _c22 cm. |
||
| 490 | 0 | _aFlor de cactus | |
| 500 | _aIncluye datos biográficos de la autora en la solapa de la cubierta | ||
| 910 | _aBtavárez | ||
| 942 |
_2ddc _cLBS1 |
||
| 999 |
_c50460 _d50460 |
||